প্ৰসংগঃ বাণীকান্ত / (Record no. 431925)
[ view plain ]
| 000 -LEADER | |
|---|---|
| fixed length control field | 01366nam a2200361 a 4500 |
| 001 - CONTROL NUMBER | |
| control field | vtls000512851 |
| 003 - CONTROL NUMBER IDENTIFIER | |
| control field | NLI |
| 005 - DATE AND TIME OF LATEST TRANSACTION | |
| control field | 20210603134127.0 |
| 008 - FIXED-LENGTH DATA ELEMENTS--GENERAL INFORMATION | |
| fixed length control field | 110307s1997 ii g 000 0|asm d |
| 020 ## - INTERNATIONAL STANDARD BOOK NUMBER | |
| Terms of availability | Rs.60.00 |
| 039 #9 - LEVEL OF BIBLIOGRAPHIC CONTROL AND CODING DETAIL [OBSOLETE] | |
| Level of rules in bibliographic description | 201809141628 |
| Level of effort used to assign nonsubject heading access points | deijeek |
| Level of effort used to assign subject headings | 201809141621 |
| Level of effort used to assign classification | deijeek |
| Level of effort used to assign subject headings | 201103071741 |
| Level of effort used to assign classification | assam1 |
| -- | 201103071739 |
| -- | assam1 |
| 040 ## - CATALOGING SOURCE | |
| Original cataloging agency | NLI |
| Transcribing agency | asm |
| 041 0# - LANGUAGE CODE | |
| Language code of text/sound track or separate title | asm |
| 082 04 - DEWEY DECIMAL CLASSIFICATION NUMBER | |
| Classification number | 891.45109 |
| Edition number | 22 |
| 100 1# - MAIN ENTRY--PERSONAL NAME | |
| Linkage | 880-01 |
| Personal name | বৰুৱা, ভবেন |
| 9 (RLIN) | 531 |
| 245 10 - TITLE STATEMENT | |
| Linkage | 880-02 |
| Title | প্ৰসংগঃ বাণীকান্ত / |
| Statement of responsibility, etc. | ভবেন বৰুৱা |
| 260 ## - PUBLICATION, DISTRIBUTION, ETC. | |
| Place of publication, distribution, etc. | গুৱাহাটী: |
| Name of publisher, distributor, etc. | চন্দ্ৰ প্ৰকাশ, |
| Date of publication, distribution, etc. | 1997 |
| 300 ## - PHYSICAL DESCRIPTION | |
| Extent | 200 p. ; |
| Dimensions | 22 cm. |
| 500 ## - GENERAL NOTE | |
| General note | Library has two copies. |
| 650 #0 - SUBJECT ADDED ENTRY--TOPICAL TERM | |
| Topical term or geographic name entry element | Assamese literature |
| General subdivision | History and criticism |
| 9 (RLIN) | 276646 |
| 880 1# - ALTERNATE GRAPHIC REPRESENTATION | |
| Linkage | 100-01/(B |
| a | Baruvā, Bhaben |
| 880 10 - ALTERNATE GRAPHIC REPRESENTATION | |
| Linkage | 245-02/(B |
| a | Prasaṅga : Bāṇīkānta / |
| c | Bhaben Baruvā |
| 887 ## - NON-MARC INFORMATION FIELD | |
| Content of non-MARC field | Sadhana |
| 901 ## - LOCAL DATA ELEMENT A, LDA (RLIN) | |
| a | A 11376: |
| b | 22.4.2002 |
| 901 ## - LOCAL DATA ELEMENT A, LDA (RLIN) | |
| a | A 10470: |
| b | 21.06.2000 (c.2) |
| 902 ## - LOCAL DATA ELEMENT B, LDB (RLIN) | |
| a | A 891.45109 K 1742 p |
| 904 ## - LOCAL DATA ELEMENT D, LDD (RLIN) | |
| a | Sadhana |
| 904 ## - LOCAL DATA ELEMENT D, LDD (RLIN) | |
| a | Deijee Kalita |
| 942 ## - ADDED ENTRY ELEMENTS (KOHA) | |
| Source of classification or shelving scheme | Dewey Decimal Classification |
| Koha item type | Books |
| 949 ## - LOCAL PROCESSING INFORMATION (OCLC) | |
| -- | VIRTUAITEM |
| -- | 10015 |
| -- | 2 |
| -- | 100 |
| 6 | DBA000010470ASM |
| 949 ## - LOCAL PROCESSING INFORMATION (OCLC) | |
| -- | VIRTUAITEM |
| -- | 10015 |
| -- | 100 |
| 6 | DBA000011376ASM |
| e | 11376 |
| Withdrawn status | Lost status | Damaged status | Not for loan | Collection code | Home library | Current library | Shelving location | Date acquired | Total Checkouts | Full call number | Barcode | Date last seen | Price effective from | Koha item type |
|---|---|---|---|---|---|---|---|---|---|---|---|---|---|---|
| Assamese | National Library of India | National Library of India | Assamese - Books - Main Stack Division | A 891.45109 K 1742 p | DBA000010470ASM | 03/06/2021 | 03/06/2021 | Books | ||||||
| Assamese | National Library of India | National Library of India | Assamese - Books - Main Stack Division | A 891.45109 K 1742 p | DBA000011376ASM | 03/06/2021 | 03/06/2021 | Books |
